| 000 | 00539nam a2200169 a 4500 | ||
|---|---|---|---|
| 001 | 823 | ||
| 003 | CDMR | ||
| 005 | 20131014122228.0 | ||
| 008 | 130130s1947||||||||||||||||||||||||||||d | ||
| 040 |
_aCDMR _bcat _cCDMR |
||
| 100 | 1 |
_aSimón Diaz, José _9646 |
|
| 245 | 1 | 3 |
_aEl Arpa del Creyente _b(Madrid 1842) _cpor José Simón Díaz |
| 260 |
_aMadrid _c1947 _bConsejo Superior de Investigaciones Científicas. Instituto Nicolás Antonio |
||
| 300 | _a41 p. | ||
| 490 | 0 |
_aColección de Índices de Publicaciones Periódicas _v7 |
|
| 942 |
_cMON _2udc |
||
| 999 |
_c823 _d823 |
||